000 00960nam0a22002531 4500
001 rc\577517
005 20260406193157.0
035 _a(NLR Aleph) 005825433
090 _a5524015
_c5524015
100 _a20031121d1988 |||y0rusy50 ca
101 0 _arus
102 _aRU
105 _aa |||||||||
200 1 _aФизико-химические исследования новых конструкционных материалов
_e[Сб. тр.]
_fАН СССР, Сиб. отд-ние, Том. фил.
_g[Отв. ред. Л.Б. Зуев]
210 _aТомск
_cТФ СО АН СССР
_d1988 (1989)
215 _a104 с.
_cил.
_d20
320 _aБиблиогр. в конце ст.
702 1 _aЗуев
_bЛ.Б.
_gЛев Борисович
_4340
712 0 2 _aАН СССР
_bТомский филиал
_3RU\NLR\AUTH\889955834
_9407785
801 0 _aRU
_bNLR
_gpsbo
801 1 _aRU
_bELAR
_2rusmarc
852 _aNLR
_j89-3/7474
942 _cBOOK
980 _aNB